| 000 | 00476nam a2200181Ia 4500 | ||
|---|---|---|---|
| 005 | 20250603145427.0 | ||
| 008 | 250603s9999 xx 000 0 und d | ||
| 020 | _a9789784950862 | ||
| 050 | _aJQ 3086.C58 N84/ | ||
| 100 | _aNuhu, Ramalan Jibril Zaria | ||
| 245 | 0 | _aNigeria military in politics 1966 to 2011 | |
| 260 | _aKaduna State | ||
| 260 | _bAhmadu Bello University Press Limited. | ||
| 260 | _c2013 | ||
| 300 | _a299 p | ||
| 650 | _aKaduna State | ||
| 942 | _cBK | ||
| 999 |
_c41829 _d41829 |
||